000
00260nam a2200109Ia 4500
001
1268532
005
20260417145252.0
008
260417s9999 xx 000 0 und d
020
_a
9786258159097
245
0
_a
Şimdi
_c
Kevser Yılmaz
260
_b
Ketebe Çocuk
999
_c
1268532
_d
1268532